000 00575cam a2200145 4500500
005 20260301000719.0
041 _afre
042 _adc
100 1 0 _aMartini, Émilie
_eauthor
245 0 0 _aHans Magnus Enzensberger, Jeu de construction pour une théorie des médias, suivi de Usages d’une théorie marxiste des médias
260 _c2023.
500 _a31
786 0 _nQuestions de communication | o 42 | 2 | 2023-03-13 | p. 612-615 | 1633-5961
856 4 1 _uhttps://shs.cairn.info/journal-questions-de-communication-2022-2-page-612?lang=en&redirect-ssocas=7080
999 _c1672176
_d1672176